000 00428nam a2200157Ia 4500
008 230718s9999 xx 000 0 und d
041 _aeng
082 _a513
_bAGG
100 _aAggarwal R.S.
245 _aArithmetic:
_bSubjective And Objective
260 _c2010
_bS. Chand & Company Ltd.
300 _a549
365 _cRs.
_b260.00
700 _aAggarwal R.S.
906 _dO:0073612-Mar-2010B:293910-Mar-2010
_cALLEDS
_b195
999 _c324549
_d324549